Las Fuentes del Nuevo Cine Latinoamericano
保存先:
| 第一著者: | |
|---|---|
| 共著者: | , |
| フォーマット: | 図書 |
| 言語: | スペイン語 |
| 出版事項: |
Valparaíso
Universitarias de Valparaíso
2006
Santiago Salesianos 2006 |
| 版: | 1a. ed |
| 主題: | |
| タグ: |
タグ追加
タグなし, このレコードへの初めてのタグを付けませんか!
|
MARC
| LEADER | 00000cam a2200000 a 4500 | ||
|---|---|---|---|
| 001 | UCI4535 | ||
| 003 | CL-VaPUC | ||
| 008 | 080118e20060700CL |||||||||||||||||spa|d | ||
| 020 | |a 9561703866 | ||
| 082 | 0 | 4 | |a 791.43098 |b ORE |2 21 |
| 100 | |a Orell García, Marcia Olga |e autora |9 584209 | ||
| 110 | 2 | |a Pontificia Universidad Católica de Valparaíso |e author |9 526463 | |
| 710 | 2 | |a Corporación Cultural de Viña del Mar |e author |9 526464 | |
| 245 | 1 | 4 | |a Las Fuentes del Nuevo Cine Latinoamericano |
| 250 | |a 1a. ed | ||
| 300 | |a 199 p | ||
| 942 | |c BK | ||
| 945 | |d 20080118 00:00:00 |a fvergara | ||
| 260 | |a Valparaíso |b Universitarias de Valparaíso |c 2006 | ||
| 260 | |a Santiago |b Salesianos |c 2006 | ||
| 500 | |a Marcia Orell García nace en Santiago de Chile, en 1948. Estudia Derecho en la PUCV terminando su carrera en la Universidad de Chile, sede Valparaíso. Comienza su interés por el cine en 1985, realizando diversos cursos y publicaciones en torno al tema | ||
| 600 | 0 | 7 | |a FESTIVAL CINE VIÑA DEL MAR 1966 |2 CL-VaPUC |9 526465 |
| 650 | 7 | |a CINE EXPERIMENTAL |2 CL-VaPUC |9 449635 | |
| 650 | 0 | |a Estética de la violencia |9 526466 | |
| 650 | 7 | |a CINE ARGENTINO |2 CL-VaPUC |9 526467 | |
| 650 | 7 | |a CINE BRASILERO |2 CL-VaPUC |9 526468 | |
| 650 | 7 | |a CINE BOLIVIANO |2 CL-VaPUC |9 526469 | |
| 650 | 0 | |a Cine uruguayo |9 526470 | |
| 650 | 0 | |a Cine chileno |9 265165 | |
| 583 | |a last modification |c 20121119 08:30:59 |k Rodrigo Vera | ||
| 999 | |c 328440 |d 328438 | ||
| 952 | |0 0 |1 0 |4 0 |6 791_430980000000000_ORE_2006_2006 |7 0 |8 X |9 412356 |a FDOBUD |b FDOBUD |d 2019-11-22 |i 1085719 |o 791.43098 ORE 2006 2006 |p 1085719 |r 2019-11-22 |w 2019-11-22 |y BK_X |k BUD | ||
| 952 | |0 0 |1 0 |4 0 |6 791_430980000000000_ORE_2006_2006 |7 0 |8 R |9 412357 |a BIBART |b BIBART |d 2019-11-22 |i 4926560 |l 1 |o 791.43098 ORE 2006 2006 |p 4926560 |r 2025-03-13 |s 2024-09-03 |w 2019-11-22 |y BK_R |k ART | ||
| 952 | |0 0 |1 0 |4 0 |6 791_430980000000000_ORE_2006_2006 |7 0 |8 A |9 412358 |a BIBARQ |b BIBARQ |d 2019-11-22 |i 4926579 |l 1 |o 791.43098 ORE 2006 2006 |p 4926579 |r 2025-01-20 |s 2023-10-26 |w 2019-11-22 |y BK |k ARQ | ||
| 952 | |0 0 |1 0 |4 0 |6 791_430980000000000_ORE_2006_2006 |7 0 |8 A |9 412359 |a BIBHIS |b BIBHIS |d 2019-11-22 |i 4926587 |o 791.43098 ORE 2006 2006 |p 4926587 |r 2025-01-20 |w 2019-11-22 |y BK |k HIS | ||